| 000 | 01399nam a2200373 a 4500 | ||
|---|---|---|---|
| 001 | ebr10476074 | ||
| 003 | CaPaEBR | ||
| 006 | m u | ||
| 007 | cr cn||||||||| | ||
| 008 | 100514s2010 mau sb 000 0 eng d | ||
| 010 | _z 2010020375 | ||
| 020 | _z9780262014830 (hardbound) | ||
| 020 | _z0262014831 (hardbound) | ||
| 020 | _z9780262289283 (e-book) | ||
| 040 |
_aCaPaEBR _cCaPaEBR |
||
| 035 | _a(OCoLC)742418605 | ||
| 043 | _an-us--- | ||
| 050 | 1 | 4 |
_aJV6483 _b.C37 2010eb |
| 082 | 0 | 4 |
_a325.73 _222 |
| 100 | 1 | _aCarens, Joseph H. | |
| 245 | 1 | 0 |
_aImmigrants and the right to stay _h[electronic resource] / _cJoseph H. Carens. |
| 260 |
_aCambridge, Mass. : _bMIT Press, _cc2010. |
||
| 300 | _a114 p. | ||
| 490 | 1 | _aBoston review book | |
| 504 | _aIncludes bibliographical references. | ||
| 533 |
_aElectronic reproduction. _bPalo Alto, Calif. : _cebrary, _d2013. _nAvailable via World Wide Web. _nAccess may be limited to ebrary affiliated libraries. |
||
| 650 | 0 |
_aAmnesty _xGovernment policy _zUnited States. |
|
| 650 | 0 |
_aIllegal aliens _zUnited States. |
|
| 651 | 0 |
_aUnited States _xEmigration and immigration _xGovernment policy. |
|
| 655 | 7 |
_aElectronic books. _2local |
|
| 710 | 2 | _aebrary, Inc. | |
| 830 | 0 | _aBoston review book. | |
| 856 | 4 | 0 |
_uhttp://site.ebrary.com/lib/rucke/Doc?id=10476074 _zAn electronic book accessible through the World Wide Web; click to view |
| 999 |
_c115768 _d115768 |
||